| 000 | 00384nam a2200145Ia 4500 | ||
|---|---|---|---|
| 008 | 231129s1983||||xx |||||||||||||| ||spa|| | ||
| 020 | _a84-7530-409-5 | ||
| 040 | _bspa | ||
| 082 | _a822 S534p | ||
| 100 | _aShaw George Bernard | ||
| 245 | 0 | _aPigmalión | |
| 260 | _c1983 | ||
| 264 | _aBarcelona España : Ediciones Orbis | ||
| 942 |
_2ddc _cBKS |
||
| 999 |
_c22758 _d22758 |
||